LEADER 01082nam--2200337---450- 001 990002714400203316 005 20091111164155.0 010 $a0-19-826258-2 035 $a000271440 035 $aUSA01000271440 035 $a(ALEPH)000271440USA01 035 $a000271440 100 $a20060224d2004----km-y0itay0103----ba 101 $aeng 102 $aGB 105 $a||||||||001yy 200 1 $a<> American tradition of international law$egreat expectations 1789-1914$fMark Weston Janis 210 $aOxford$cClarendon press$d2004 215 $aVII, 162 p.$d24 cm. 606 0 $aDiritto internazionale$yStati Uniti d'America$xStoria 676 $a341.0973 700 1$aJANIS,$bMark Weston$0281790 801 0$aIT$bsalbc$gISBD 912 $a990002714400203316 951 $aXXIII.1.C. 279 (IG VIII 2 ING 671)$b48546 G.$cXXIII.1.C. 279 (IG VIII)$d00180949 959 $aBK 969 $aGIU 979 $aRENATO$b90$c20060224$lUSA01$h1035 979 $aRSIAV5$b90$c20091111$lUSA01$h1641 996 $aAmerican tradition of international law$9999880 997 $aUNISA LEADER 01812nam0 22004453i 450 001 UFI0171356 005 20251003044428.0 010 $a0070118086 010 $a0070661561 100 $a20081107d1985 ||||0itac50 ba 101 | $aeng 102 $aus 181 1$6z01$ai $bxxxe 182 1$6z01$an 200 1 $aAntennas and radiowave propagation$fRobert E. Collin 210 $aNew York [etc.]$cMcGraw-Hill$dc1985 215 $aXII, 508 p.$d25 cm. 225 | $aMcGraw-Hill series in electrical engineering. Radio, television, radar, and antennas 410 0$1001UFI0202064$12001 $aMcGraw-Hill series in electrical engineering. Radio, television, radar, and antennas 606 $aOnde hertziane$xPropagazione$2FIR$3CFIC051837$9I 606 $aAntenne$2FIR$3CFIC003029$9E 676 $a621.384$9INGEGNERIA DELLE COMUNICAZIONI. RADIO E RADAR$v14 676 $a621.38411$9RADIO E RADAR. PROPAGAZIONE E TRASMISSIONE$v22 696 $aOnde a radiofrequenza$aRadio onde$aRadioonde$aOnde radio 696 $aAntenne radio$aAerei 699 $aOnde hertziane$yOnde a radiofrequenza 699 $aOnde hertziane$yRadio onde 699 $aOnde hertziane$yRadioonde 699 $aOnde hertziane$yOnde radio 699 $aAntenne$yAntenne radio 699 $aAntenne$yAerei 700 1$aCollin$b, Robert E.$f <1928->$3MILV038549$4070$0478 801 3$aIT$bIT-000000$c20081107 850 $aIT-BN0095 901 $bNAP 01$cSALA DING $n$ 912 $aUFI0171356 950 0$aBiblioteca Centralizzata di Ateneo$c1 v.$d 01SALA DING 621.384 COL.an$e 0102 0000002825 VMA A4 1 v.$fY $h19930721$i19930721 977 $a 01 996 $aAntennas and radiowave propagation$9111722 997 $aUNISANNIO